| 000 | 00821nam a22002417a 4500 | ||
|---|---|---|---|
| 003 | 0 | ||
| 005 | 20180723151528.0 | ||
| 008 | 0 | ||
| 010 | _aB-222878,B-222888 | ||
| 020 |
_c220.00 _a8178120623 |
||
| 035 | _aB-222878 | ||
| 037 | _bCen Lib/Ret | ||
| 040 |
_aDPL _bEN _c0 |
||
| 082 |
_a000 _bRGU |
||
| 100 |
_aGupta, R _92309 |
||
| 245 |
_aAIEE all india engineering /pharmacy/architecture entrance examination : _cby R. Gupta _bprevious years papers solved & practice test papers 2008 / |
||
| 260 |
_aNew Delhi _bRamesh Publishing House _c2008 |
||
| 270 |
_bNew Delhi _a12-H, new dariya ganj _e110002 |
||
| 300 |
_avarious pagings _c23cm(Hb) |
||
| 650 |
_aEntrance examination _9140364 |
||
| 650 |
_aReasonings & numericals _xexercise question pper etc _9140365 |
||
| 942 |
_2ddc _cEN _h000 _mRGU |
||
| 999 |
_c136292 _d136292 |
||